书目信息 |
| 题名: |
劳特利奇哲学史(十卷本)
|
|
| 作者: | 帕金森 , 杉克尔 总主编 ;冯俊 , 腾 , 刘永红 中文翻译总主编 | |
| 分册: | 第七卷 19世纪哲学 | |
| 出版信息: | 北京 中国人民大学出版社 2016.08 |
|
| 页数: | 19,515页 | |
| 开本: | 24cm | |
| 丛书名: | ||
| 单 册: | ||
| 中图分类: | B1 , B143 | |
| 科图分类: | ||
| 主题词: | 哲学史--世界 , 近代哲学--世界--19世纪 | |
| 电子资源: | ||
| ISBN: | 978-7-300-23079-5 | |
| 000 | 01492nam0 2200349 450 | |
| 001 | 008874297 | |
| 005 | 20170908092537.31 | |
| 010 | @a978-7-300-23079-5@dCNY98.00 | |
| 100 | @a20170222d2016 em y0chiy50 ea | |
| 101 | 1 | @achi@ceng |
| 102 | @aCN@b110000 | |
| 105 | @ay z 001yy | |
| 106 | @ar | |
| 200 | 1 | @a劳特利奇哲学史(十卷本)@9lao te li qi zhe xue shi ( shi juan ben )@h第七卷@i19世纪哲学@f(英)帕金森(G. H. R. Parkinson),(加)杉克尔(S. G. Shanker)总主编@g冯俊中文翻译总主编@g(新加坡)C. L. 腾(C. L. Ten)主编@g刘永红[等]译 |
| 210 | @a北京@c中国人民大学出版社@d2016.08 | |
| 215 | @a19,515页@d24cm | |
| 304 | @a本书题名页信息不完全,200字段信息依据封面著录 | |
| 304 | @a英文共同题名:Routledge history of philosophy | |
| 305 | @a由Taylor & Francis出版集团旗下Routledge公司授权出版 | |
| 330 | @a本书讨论的哲学家既有属于分析传统的,也有属于大陆传统的,以及现在很有影响的美国实用主义哲学家。每一章都由不同作者写成,在问题产生的时代背景下展现它们,同时也关注其与当前哲学兴趣的相关性。 | |
| 333 | @a哲学爱好者 | |
| 606 | 0 | @a哲学史@y世界 |
| 606 | 0 | @a近代哲学@y世界@z19世纪 |
| 690 | @aB1@v5 | |
| 690 | @aB143@v5 | |
| 701 | 0 | @c(英)@a帕金森@9pa jin sen@c(Parkinson, G.H.R.)@4总主编 |
| 701 | 0 | @c(加)@a杉克尔@9shan ke er@c(Shanker, S.G.)@4总主编 |
| 702 | 0 | @a冯俊@9feng jun@f(1958-)@4中文翻译总主编 |
| 702 | 0 | @c(新加坡)@a腾@9teng@c(Ten, C. L.)@4卷主编 |
| 702 | 0 | @a刘永红@9liu yong hong@4卷译 |
| 801 | 0 | @aCN@bNLC@c20170614 |
| 905 | @b994276-81@dB1@e78:7@f6 | |
| 劳特利奇哲学史(十卷本).第七卷.19世纪哲学/(英)帕金森(G. H. R. Parkinson),(加)杉克尔(S. G. Shanker)总主编/冯俊中文翻译总主编/(新加坡)C. L. 腾(C. L. Ten)主编/刘永红[等]译.-北京:中国人民大学出版社,2016.08 |
| 19,515页;24cm |
| 使用对象:哲学爱好者 |
| ISBN 978-7-300-23079-5:CNY98.00 |
| 本书讨论的哲学家既有属于分析传统的,也有属于大陆传统的,以及现在很有影响的美国实用主义哲学家。每一章都由不同作者写成,在问题产生的时代背景下展现它们,同时也关注其与当前哲学兴趣的相关性。 |
| ● |
| 相关链接 |
|
|
|
|
正题名:劳特利奇哲学史(十卷本)
索取号:B1/78:7
 
预约/预借
| 序号 | 登录号 | 条形码 | 馆藏地/架位号 | 状态 | 备注 |
| 1 | 994276 | 209942767 | 第一样本阅览室/ [索取号:B1/78:7] | 在馆 | |
| 2 | 994277 | 209942776 | 第一借阅区/ [索取号:B1/78:7] | 在馆 | |
| 3 | 994278 | 209942785 | 第一借阅区/ [索取号:B1/78:7] | 在馆 | |
| 4 | 994279 | 209942794 | 第一借阅区/ [索取号:B1/78:7] | 在馆 | |
| 5 | 994280 | 209942801 | 第一借阅区/ [索取号:B1/78:7] | 在馆 | |
| 6 | 994281 | 209942810 | 史法系资料室/ [索取号:B1/78:7] | 在馆 |